000 00444cam a22001217a 4500
008 180718b1972 xxu||||| |||| 00| 0 eng d
082 _aA81x54 In2/71/Mon7
100 _aCensus of India 1971
245 _aEconomic and socio-cultural dimensions of regionalisation: an Indo-U.S.S.R. collaborative study
260 _aDelhi
_bThe Manager of Publications
_c1972
300 _a538+p.
440 _aCensus of India 1971. Census Centenary Monograph No. 7
999 _c484830
_d484830